| 000 | 00459cam a2200193ua 4500 | ||
|---|---|---|---|
| 001 | 8102 | ||
| 008 | 150108n ii |||gr||||Z||||||hin | ||
| 040 | _cMAIN | ||
| 041 | _ahin | ||
| 082 | _a891.431 | ||
| 100 |
_aPanta, S., _eAuthor. |
||
| 245 | 1 |
_aSamaghita _cBy Sumitranandan Panta |
|
| 250 | _a1st. | ||
| 260 |
_aDelhi: _bRajkamal, _c1974. |
||
| 300 | _a166p. | ||
| 653 | _aEast Indo-European & Celtic literatures | ||
| 653 | _aHindi poems | ||
| 942 | _cBK | ||
| 999 |
_c7217 _d7217 |
||